[Event "AUTO-ADV-2044"]
[Site "http://www.queenalice.com/game.php?id=944312"]
[Date "2011.5.30"]
[Round "2"]
[White "Navi"]
[Black "DNWheeler"]
[Result "1-0"]
[WhiteElo "2142"]
[BlackElo "1981"]

1. e4 Nf6 2. d3 d6 3. Nc3 Nc6 4. Nf3 Bg4 5. Be2 Qd7 6. Be3 O-O-O 7. h3 Bxf3 8.
Bxf3 Ne5 9. Be2 Kb8 10. d4 Ng6 11. Bd3 e5 12. d5 a6 13. Qd2 Nh5 14. g3 Be7 15.
Be2 Nf6 16. O-O-O c5 17. dxc6 Qxc6 18. f3 Nh5 19. Rhg1 Rc8 20. Nd5 Bd8 21. Kb1
Ne7 22. Nb4 Qd7 23. Qxd6+ Qxd6 24. Rxd6 Bc7 25. Rd7 Bd8 26. Bg5 f6 27. Be3 1-0

[Event "AUTO-ADV-2291"]
[Site "http://www.queenalice.com/game.php?id=989947"]
[Date "2011.9.25"]
[Round "1"]
[White "DNWheeler"]
[Black "jiujitsubr"]
[Result "0-1"]
[WhiteElo "1798"]
[BlackElo "1926"]

1. d4 Nf6 2. c4 g6 3. Nc3 Bg7 4. e4 d6 5. f3 O-O 6. Be3 Nbd7 7. Bd3 c5 8. Nge2
a5 9. Qd2 cxd4 10. Nxd4 Ne5 11. O-O Bd7 12. a4 Rc8 13. b3 Nh5 14. g4 Bxg4 15.
fxg4 Nxg4 16. h3 Nxe3 17. Qxe3 Qb6 18. Nce2 e5 19. Nc2 Qxb3 20. Rfb1 Bh6 21. Qf3
f5 22. Rxb3 fxe4 23. Qxe4 Nf4 24. Nxf4 Rxf4 0-1

[Event "AUTO-ADV-2291"]
[Site "http://www.queenalice.com/game.php?id=989948"]
[Date "2011.9.25"]
[Round "1"]
[White "jiujitsubr"]
[Black "DNWheeler"]
[Result "1-0"]
[WhiteElo "1914"]
[BlackElo "1810"]

1. d4 Nf6 2. c4 e6 3. Nc3 Bb4 4. e3 Ne4 5. Qc2 Bxc3+ 6. bxc3 f5 7. f3 Qh4+ 8. g3
Nxg3 9. hxg3 Qxh1 10. Qf2 Qh5 11. Bd3 b6 12. Ne2 Bb7 13. e4 O-O 14. Nf4 Qf7 15.
Ba3 d6 16. e5 Qd7 17. d5 exd5 18. cxd5 Na6 19. Ne6 Bxd5 20. Nxf8 Rxf8 21. Bxa6
Qc6 22. Be2 Re8 23. Rc1 Rxe5 24. f4 Re7 25. Kd2 1-0

[Event "AUTO-ADV-2291"]
[Site "http://www.queenalice.com/game.php?id=989951"]
[Date "2011.9.25"]
[Round "1"]
[White "DNWheeler"]
[Black "UKopra"]
[Result "0-1"]
[WhiteElo "1906"]
[BlackElo "1802"]

1. d4 Nf6 2. c4 e6 3. Nf3 b6 4. g3 Bb7 5. Bg2 Be7 6. O-O O-O 7. Nc3 Ne4 8. Qc2
Nxc3 9. bxc3 Nc6 10. a4 a5 11. d5 Na7 12. e4 f5 13. Nd2 f4 14. Bb2 Bc5 15. Kh1
Ba6 16. Ba3 Qe7 17. Qb3 Rf6 18. e5 f3 19. Nxf3 Rf7 20. Bxc5 bxc5 21. Rfd1 d6 22.
dxe6 Qxe6 23. Ng5 Bxc4 24. Qc2 Qf5 25. Qxf5 Rxf5 26. Bxa8 Rxg5 27. exd6 cxd6 28.
Rxd6 Rf5 29. Rd7 Nc8 30. Rd8+ Rf8 31. Rxf8+ Kxf8 32. Rd1 Nb6 33. Bc6 Bb3 34.
Rd8+ Ke7 35. Rb8 Bd5+ 36. Bxd5 Nxd5 37. c4 Nc3 38. Ra8 Nxa4 39. Rxa5 Nb2 40.
Rxc5 Nd3 41. Rc7+ Kf6 42. Kg2 h5 43. c5 g5 0-1

[Event "AUTO-ADV-2291"]
[Site "http://www.queenalice.com/game.php?id=989952"]
[Date "2011.9.25"]
[Round "1"]
[White "UKopra"]
[Black "DNWheeler"]
[Result "1-0"]
[WhiteElo "1740"]
[BlackElo "1962"]

1. d4 Nf6 2. c4 c5 3. d5 b5 4. cxb5 a6 5. bxa6 Bxa6 6. Nc3 g6 7. e4 Bxf1 8. Kxf1
d6 9. Nf3 Bg7 10. g3 O-O 11. Kg2 Nbd7 12. Re1 Ng4 13. h3 Nge5 14. Nxe5 Nxe5 15.
f4 Nd7 16. Qc2 Qa5 17. Bd2 Qa6 18. f5 Ne5 19. Bg5 f6 20. Bf4 Nd3 21. Re3 Nxf4+
22. gxf4 Bh6 23. Ne2 Kh8 24. fxg6 hxg6 25. Ng3 Rg8 26. Rf3 g5 27. fxg5 Bxg5 28.
Kh2 Qa4 29. b3 Qd4 30. Rd1 Qe5 31. Rf5 Rxa2 32. Qxa2 Qc3 33. Rdf1 Qe3 34. R1f3
Qe1 35. Qg2 Bh4 36. Rh5+ Kg7 37. Rxh4 Kf7 38. Rh7+ Ke8 39. Qf2 Qb4 40. Nf5 Qxe4
41. Rxe7+ 1-0

[Event "AUTO-ADV-2292"]
[Site "http://www.queenalice.com/game.php?id=990146"]
[Date "2011.9.26"]
[Round "1"]
[White "Janivgm"]
[Black "DNWheeler"]
[Result "0-1"]
[WhiteElo "1796"]
[BlackElo "1925"]

1. e4 c6 2. d4 d5 3. e5 Bf5 4. f4 e6 5. g4 Qh4+ 6. Kd2 Bxg4 7. Be2 Nh6 8. h3 Bf5
9. Nf3 Qxf4+ 10. Kc3 Qg3 11. Nd2 a5 12. Qf1 b5 13. Bxb5 Bb4+ 14. Kb3 cxb5 15.
Qxb5+ Nd7 16. c3 Rb8 17. Qc6 Be7+ 18. Ka4 Bc2+ 19. Kxa5 Bd8+ 20. Ka6 Rb6+ 21.
Qxb6 Bxb6 22. b4 Bd3+ 23. b5 O-O 24. a4 f6 25. Kb7 fxe5 26. Nxe5 Nxe5 27. Kxb6
Nc4+ 28. Nxc4 Bxc4 29. Bxh6 Rb8+ 30. Kc6 Rc8+ 31. Kd7 Qc7+ 32. Kxe6 gxh6 33.
Rhg1+ Kh8 34. Rg2 Re8+ 35. Kf5 Qf7+ 36. Kg4 Rg8+ 37. Kh4 Rxg2 0-1

[Event "AUTO-ADV-2292"]
[Site "http://www.queenalice.com/game.php?id=990147"]
[Date "2011.9.26"]
[Round "1"]
[White "DNWheeler"]
[Black "Janivgm"]
[Result "1-0"]
[WhiteElo "1954"]
[BlackElo "1764"]

1. d4 d5 2. c4 Nf6 3. cxd5 Qxd5 4. Nc3 Qa5 5. Bd2 e5 6. Ne4 Qb6 7. Nxf6+ Qxf6 8.
Bc3 Bf5 9. dxe5 Qb6 10. Nf3 Nc6 11. e3 Bb4 12. Bd3 O-O-O 13. Nd4 Bxd3 14. Qxd3
Nxe5 15. Qf5+ Nd7 16. O-O Bxc3 17. bxc3 Qf6 18. Qa5 a6 19. Rab1 c6 20. Rb3 Qe5
21. Qb4 b5 22. Nxc6 Qg5 23. Nxd8 Rxd8 24. Rd1 h5 25. Qd6 Nc5 26. Qc6+ Kb8 27.
Rxd8+ Qxd8 28. Rb1 Qg5 29. Qe8+ Kc7 30. Qxf7+ Kd6 31. Rd1+ Kc6 32. Qe8+ Kb6 33.
Qd8+ Qxd8 34. Rxd8 Ne4 35. Rd3 Kc5 36. f3 Nd6 37. Rd4 Nc4 38. e4 Ne5 39. Rd5+
Kc4 40. Rxe5 Kxc3 41. Rc5+ Kb2 42. Rc6 a5 43. Ra6 Kxa2 44. Rxa5+ 1-0

[Event "AUTO-ADV-2292"]
[Site "http://www.queenalice.com/game.php?id=990162"]
[Date "2011.9.26"]
[Round "1"]
[White "leduar"]
[Black "DNWheeler"]
[Result "1-0"]
[WhiteElo "1990"]
[BlackElo "1937"]

1. e4 d5 2. exd5 Qxd5 3. Nc3 Qa5 4. d4 e5 5. Qe2 Bd6 6. Bd2 Ne7 7. Nb5 Qb6 8.
dxe5 Bc5 9. b4 a6 10. bxc5 Qxb5 11. Qxb5+ axb5 12. Bxb5+ c6 13. Bc4 Nd7 14. e6
fxe6 15. Bxe6 Nxc5 16. Bxc8 Rxc8 17. Bb4 Ne4 18. Bxe7 Kxe7 19. Nf3 Kf6 20. O-O
Rhe8 21. Rfe1 Ng5 22. Nxg5 Kxg5 23. Kf1 b5 24. Rad1 Rxe1+ 25. Rxe1 Kf6 26. f4 g6
27. Kf2 c5 28. a3 Rd8 29. g4 h5 30. g5+ Kf5 31. Kf3 Rd5 32. Re8 b4 33. axb4 cxb4
34. Re4 Rb5 35. Re3 Rc5 36. Rd3 Rxc2 37. h3 Rc3 38. Ke2 1-0

[Event "AUTO-ADV-2292"]
[Site "http://www.queenalice.com/game.php?id=990163"]
[Date "2011.9.26"]
[Round "1"]
[White "DNWheeler"]
[Black "leduar"]
[Result "1-0"]
[WhiteElo "1936"]
[BlackElo "1975"]

1. d4 Nf6 2. c4 g6 3. Nc3 Bg7 4. e4 d6 5. f3 O-O 6. Be3 e5 7. d5 c6 8. Bd3 cxd5
9. cxd5 Bd7 10. Nge2 a6 11. Rc1 b5 12. a3 Qa5 13. O-O b4 14. axb4 Qxb4 15. Qd2
a5 16. Rc2 Rc8 17. Rfc1 Na6 18. Bxa6 Rxa6 19. Qd3 Rca8 20. Nb1 Bb5 21. Qc3 Qxc3
22. Nbxc3 Bxe2 23. Nxe2 Nh5 24. Rc8+ Rxc8 25. Rxc8+ Bf8 26. Ng3 Nxg3 27. hxg3 a4
28. Bh6 a3 29. Rxf8# 1-0

[Event "AUTO-ADV-2292"]
[Site "http://www.queenalice.com/game.php?id=990172"]
[Date "2011.9.26"]
[Round "1"]
[White "fafaking"]
[Black "DNWheeler"]
[Result "1-0"]
[WhiteElo "1736"]
[BlackElo "1830"]

1. d4 Nf6 2. c4 c5 3. d5 b5 4. Nc3 b4 5. Na4 d6 6. f3 Nbd7 7. a3 a5 8. e4 g6 9.
Bd3 Ne5 10. Bf4 Nxd3+ 11. Qxd3 Bg7 12. Ne2 Bd7 13. Qc2 O-O 14. O-O Nh5 15. Bd2
Bxa4 16. Qxa4 Bxb2 17. Ra2 Bxa3 18. Bh6 Qe8 19. Qxe8 Rfxe8 20. g4 Nf6 21. g5 Nd7
22. f4 Nb6 23. Rc2 b3 24. Rc3 a4 25. Ra1 Bb4 26. Rf3 a3 27. Rxb3 Nxc4 28. Nc3
1-0

[Event "AUTO-ADV-2292"]
[Site "http://www.queenalice.com/game.php?id=990173"]
[Date "2011.9.26"]
[Round "1"]
[White "DNWheeler"]
[Black "fafaking"]
[Result "0-1"]
[WhiteElo "1852"]
[BlackElo "1714"]

1. d4 f5 2. Qd3 d5 3. Bf4 Nf6 4. Nc3 e6 5. Nf3 Bd6 6. Ne5 O-O 7. h3 Ne4 8. Nxe4
fxe4 9. Qg3 Qf6 10. e3 Bxe5 11. dxe5 Qg6 12. O-O-O Qxg3 13. Bxg3 b6 14. Be2 Ba6
15. Bg4 Re8 16. Rd2 g6 17. Bh4 h5 18. Be2 Bxe2 19. Rxe2 Nc6 20. Bg3 Kg7 21. f4
exf3 22. gxf3 h4 23. Bh2 Rf8 24. f4 d4 25. e4 Rad8 26. Rg1 d3 27. Rd2 dxc2 28.
Rxc2 Nd4 29. Rxc7+ Rf7 0-1

[Event "AUTO-OPEN-2491"]
[Site "http://www.queenalice.com/game.php?id=990184"]
[Date "2011.9.26"]
[Round "1"]
[White "DNWheeler"]
[Black "ZbynioG"]
[Result "0-1"]
[WhiteElo "1769"]
[BlackElo "1757"]

1. d4 Nf6 2. c4 c5 3. d5 e6 4. g3 exd5 5. cxd5 d6 6. Nc3 g6 7. Bg2 Bg7 8. e4 O-O
9. Nge2 Re8 10. Bg5 Qa5 11. O-O Nbd7 0-1

[Event "AUTO-OPEN-2491"]
[Site "http://www.queenalice.com/game.php?id=990185"]
[Date "2011.9.26"]
[Round "1"]
[White "ZbynioG"]
[Black "DNWheeler"]
[Result "1-0"]
[WhiteElo "1739"]
[BlackElo "1787"]

1. d4 Nf6 2. Nf3 g6 3. c4 b6 4. Nc3 Bb7 5. e3 Bg7 6. Be2 O-O 7. O-O d6 8. b3
Nbd7 9. Bb2 c5 10. d5 a6 11. Nd2 1-0

[Event "AUTO-OPEN-2491"]
[Site "http://www.queenalice.com/game.php?id=990186"]
[Date "2011.9.26"]
[Round "1"]
[White "DNWheeler"]
[Black "Copelli"]
[Result "0-1"]
[WhiteElo "1872"]
[BlackElo "1756"]

1. d4 d5 2. c4 e6 3. cxd5 exd5 4. Nf3 Nf6 5. Bg5 Bb4+ 6. Nbd2 O-O 7. e3 c6 8.
Bd3 Bg4 9. Be2 Nbd7 10. O-O Qa5 11. Nb3 Qc7 12. a3 Bd6 13. h3 Bxf3 14. Bxf3 Ne4
15. Bxe4 dxe4 16. Nd2 h6 17. Bh4 g5 18. Bg3 Bxg3 19. fxg3 Qxg3 20. Qe2 Rae8 0-1

[Event "AUTO-OPEN-2491"]
[Site "http://www.queenalice.com/game.php?id=990187"]
[Date "2011.9.26"]
[Round "1"]
[White "Copelli"]
[Black "DNWheeler"]
[Result "1-0"]
[WhiteElo "1776"]
[BlackElo "1872"]

1. d4 Nf6 2. c4 e6 3. Nc3 Bb4 4. a3 Bxc3+ 5. bxc3 c5 6. Bg5 h6 7. Bxf6 Qxf6 8.
Nf3 Nc6 9. e3 O-O 10. Bd3 b6 11. O-O Bb7 12. Qc2 d6 13. Be4 Rab8 14. Qa4 Rfc8
15. Nd2 Na5 16. Bxb7 Rxb7 17. Nb3 Nc6 18. Nd2 cxd4 19. cxd4 Ne7 20. Ne4 Qg6 21.
Nxd6 1-0

[Event "AUTO-OPEN-2491"]
[Site "http://www.queenalice.com/game.php?id=990188"]
[Date "2011.9.26"]
[Round "1"]
[White "DNWheeler"]
[Black "LORD_SAMAEL"]
[Result "0-1"]
[WhiteElo "1923"]
[BlackElo "1898"]

1. d4 d5 2. c4 e6 3. cxd5 exd5 4. Nf3 Nc6 5. Nc3 Nf6 6. Bg5 Bb4 7. a3 Bxc3+ 8.
bxc3 h6 9. Bxf6 Qxf6 10. e3 Bg4 11. Be2 O-O 12. O-O Rfe8 13. Rb1 Rab8 14. h3 Bf5
15. Bd3 Qg6 16. Bxf5 Qxf5 17. g4 Qg6 18. Kh2 Re4 19. Rg1 Rbe8 20. Rxb7 Qf6 21.
Rg3 R8e7 22. Qb3 Rd7 23. Kg2 Kh7 24. Nd2 Re6 25. f4 Na5 26. Qc2+ Kg8 27. Rxa7
Nc6 28. Ra8+ Rd8 29. g5 Qe7 0-1

[Event "AUTO-OPEN-2491"]
[Site "http://www.queenalice.com/game.php?id=990189"]
[Date "2011.9.26"]
[Round "1"]
[White "LORD_SAMAEL"]
[Black "DNWheeler"]
[Result "1-0"]
[WhiteElo "1931"]
[BlackElo "1886"]

1. e4 Nf6 2. Nc3 d5 3. e5 d4 4. exf6 dxc3 5. fxe7 cxd2+ 6. Bxd2 Bxe7 7. Bc4 Nc6
8. Qf3 O-O 9. O-O-O Bg5 10. Ne2 Bxd2+ 11. Rxd2 Qg5 12. Rd1 Ne5 13. Qe4 Nxc4 14.
Qxc4 c6 15. f4 Qxg2 16. Rd8 Be6 17. Qd3 h6 18. Rxa8 Rxa8 19. h4 Bg4 20. Rd2 Qf1+
21. Rd1 Qxe2 22. Qxe2 Bxe2 23. Rd7 Rb8 24. Kd2 Bg4 25. Re7 Kf8 26. Rc7 1-0